| 000 | 01287nam a2200205Ia 4500 | ||
|---|---|---|---|
| 003 | Ost | ||
| 005 | 20260507075102.0 | ||
| 008 | 260507s9999||||xx |||||||||||||| ||und|| | ||
| 040 | _cfsecg | ||
| 041 | _aara | ||
| 082 | _a332.76 | ||
| 100 |
_aعبد التواب، حمدى معوض _eمؤلف |
||
| 245 | 0 |
_aجرائم الشيك واوجه الدفاع والدفوع فيه / _c حمدى معوض عبد التواب |
|
| 260 |
_aالقاهرة: _bالمركز القومى الاصدارات القانونية, _c2003 |
||
| 300 |
_a328 صفحة؛ _c24 سم |
||
| 520 | _aالمقومات القانونية للشيك الشروط الشكيلية للشيك ، الشروط الموضوعية للشيك ، الشروط والبيانات الاختيارية والاكراه والاهلية في الشيك ، الاثار المترتبة على تخلف شروط الشيك جرائم أطراف الشيك الجرائم التي تقع من مصدر الشيك ، الجرائم التي تقع من المستفيد ، الجرائم التي تقع من المسحوب عليه الدفوع في الشيك ، نصوص قانون الشيك الجديد | ||
| 653 | _aالشيكات-قضايا | ||
| 653 | _aالقانون التجاري | ||
| 942 | _cكتاب | ||
| 999 |
_c42805 _d42805 |
||